| Tag |
First Indicator |
Second Indicator |
Subfields |
| LEADER |
00000cam a22000001 4500 |
| 001 |
in00004504721 |
| 005 |
20210930144520.0 |
| 008 |
700330s19661968onca 001 0 eng |
| 010 |
|
|
|a 70358625
|
| 015 |
|
|
|a C66-4462
|
| 029 |
1 |
|
|a NLGGC
|b 860722368
|
| 035 |
|
|
|a (OCoLC)ocm00036980
|
| 035 |
|
|
|z (UtOrBLW)41166
|
| 035 |
|
|
|a 58916
|
| 040 |
|
|
|a DLC
|c DLC
|d UBA
|d MUQ
|d BAKER
|d TMV
|d UtOrBLW
|
| 049 |
|
|
|a TMVM
|c 1
|
| 060 |
|
4 |
|a QL 737 L32
|b C886L 1966
|
| 100 |
1 |
|
|a Craigie, E. Horne
|q (Edward Horne),
|d 1894-1989.
|
| 245 |
1 |
2 |
|a A laboratory guide to the anatomy of the rabbit /
|c by E. Horne Craigie.
|
| 246 |
3 |
0 |
|a Anatomy of the rabbit
|
| 250 |
|
|
|a Revised [second] edition.
|
| 264 |
|
1 |
|a Toronto :
|b University of Toronto Press,
|c 1966.
|
| 300 |
|
|
|a viii, 115 pages :
|b illustrations ;
|c 24 cm.
|
| 336 |
|
|
|a text
|2 rdacontent
|b txt
|
| 337 |
|
|
|a unmediated
|2 rdamedia
|
| 338 |
|
|
|a volume
|2 rdacarrier
|b nc
|
| 500 |
|
|
|a Reprinted 1968. --Title page verso.
|
| 500 |
|
|
|a Includes index.
|
| 650 |
|
0 |
|a Rabbits
|x Anatomy.
|
| 650 |
|
0 |
|a Anatomy, Comparative
|v Laboratory manuals.
|
| 650 |
|
2 |
|a Dissection.
|
| 650 |
|
2 |
|a Rabbits
|x anatomy & histology.
|
| 655 |
|
2 |
|a Laboratory Manual.
|
| 999 |
|
|
|a MARS
|
| 999 |
f |
f |
|s 634988d9-c383-3aeb-b619-7d0073f44ca9
|i ddf38a13-acf9-3699-bc57-3c6e16033b8d
|t 0
|
| 952 |
f |
f |
|p preservation
|a Texas A&M University
|b J.J. Pickle Campus
|c High Density Repository
|d Remote Storage
|t 0
|e QL 737 L32 C886L 1966
|h National Library of Medicine classification
|i unmediated -- volume
|m 323890184953C
|
| 998 |
f |
f |
|a QL 737 L32 C886L 1966
|t 0
|l Remote Storage
|